The chip : how two Americans invented the microchip and launched a revolution
Bewaard in:
| Hoofdauteur: | |
|---|---|
| Formaat: | Boek |
| Taal: | Undetermined |
| Gepubliceerd in: |
New York :
Simon and Schuster,
1984
|
| Onderwerpen: | |
| Tags: |
Voeg label toe
Geen labels, Wees de eerste die dit record labelt!
|
| Thư viện lưu trữ: | Trung tâm Học liệu Trường Đại học Cần Thơ |
|---|
| LEADER | 00559nam a2200205Ia 4500 | ||
|---|---|---|---|
| 001 | CTU_87194 | ||
| 008 | 210402s9999 xx 000 0 und d | ||
| 082 | |a 621.381 | ||
| 082 | |b R353 | ||
| 100 | |a T.R. Reid. | ||
| 245 | 4 | |a The chip : | |
| 245 | 0 | |b how two Americans invented the microchip and launched a revolution | |
| 245 | 0 | |c by T.R. Reid. | |
| 260 | |a New York : | ||
| 260 | |b Simon and Schuster, | ||
| 260 | |c 1984 | ||
| 650 | |a microelectronics | ||
| 650 | |x history | ||
| 904 | |i Năm | ||
| 980 | |a Trung tâm Học liệu Trường Đại học Cần Thơ | ||